000 00261nam a2200109Ia 4500
008 220714s9999 xx 000 0 und d
020 _a0 7981 2115 7
082 _aRef 033.936 KEN
100 _aNo author, editors only
245 0 _aKennis Vol 14
942 _cBK
_w561
_xJohn Tresidder
_y561
_zJohn Tresidder
999 _c720278
_d720277